000 00257nam a2200109Ia 4500
008 200302s9999 xx 000 0 und d
100 _aRishi Dev
245 _aLocal area planning in India
260 _bCopal Publishing Group
260 _c2015
300 _a466
999 _c5918
_d5918